00218nam a2200097Ia 4500008004100000100000800041245003800049260000900087942000700096999001700103190216s9999||||xx |||||||||||||| ||und|| aNil 4aThe Land And Wild Life Of America bNull cBK c37352d37352